Sports Quiz

Random Sports or Basketball Quiz

Indiana High School Boys Basketball Class 3A Teams Quiz Stats

 Plays Quiz not verified by Sporcle

Challenge
Share
Tweet
Embed
Score 0/101 Timer 12:00
0 Plays Today
Hint Answer % Correct
Sectional 31Washington
92%
Sectional 19South Bend Washington
90.8%
Sectional 29Batesville
88.5%
Sectional 20West Lafayette
87.4%
Sectional 27Indianapolis Northwest
87.4%
Sectional 29Greensburg
87.4%
Sectional 29Lawrenceburg
87.4%
Sectional 20Northwestern
86.2%
Sectional 17Gary West
83.9%
Sectional 17Griffith
83.9%
Sectional 20Peru
83.9%
Sectional 29Madison
83.9%
Sectional 18Twin Lakes
82.8%
Sectional 20Maconaquah
82.8%
Sectional 30Brownstown Central
82.8%
Sectional 17Hammond
80.5%
Sectional 23Heritage
80.5%
Sectional 25Crawfordsville
80.5%
Sectional 27Brebeuf Jesuit
80.5%
Sectional 28Beech Grove
80.5%
Sectional 31Vincennes Lincoln
80.5%
Sectional 32Evansville Memorial
80.5%
Sectional 32Gibson Southern
80.5%
Sectional 25Benton Central
79.3%
Sectional 28Danville
79.3%
Sectional 30Salem
79.3%
Sectional 30Scottsburg
79.3%
Sectional 32Boonville
79.3%
Sectional 32Evansville Bosse
79.3%
Sectional 17Hammond Gavit
78.2%
Sectional 21West Noble
78.2%
Sectional 23Fort Wayne Luers
78.2%
Sectional 20Western
77%
Sectional 24New Castle
77%
Hint Answer % Correct
Sectional 25Lebanon
77%
Sectional 25Western Boone
77%
Sectional 29Rushville
77%
Sectional 22Leo
75.9%
Sectional 25Southmont
75.9%
Sectional 29Franklin County
75.9%
Sectional 29South Dearborn
75.9%
Sectional 30Charlestown
75.9%
Sectional 32Heritage Hills
75.9%
Sectional 22Garrett
74.7%
Sectional 25North Montgomery
74.7%
Sectional 26Brown County
74.7%
Sectional 30Silver Creek
74.7%
Sectional 19Jimtown
73.6%
Sectional 19New Prairie
73.6%
Sectional 30North Harrison
73.6%
Sectional 24Hamilton Heights
72.4%
Sectional 25Greencastle
72.4%
Sectional 27Indianapolis Broad Ripple
72.4%
Sectional 31Princeton
72.4%
Sectional 22Angola
71.3%
Sectional 26Edgewood
71.3%
Sectional 18Rensselaer Central
70.1%
Sectional 19South Bend Saint Joseph
70.1%
Sectional 24Delta
70.1%
Sectional 26South Vermillion
70.1%
Sectional 27Indianapolis Chatard
70.1%
Sectional 30Corydon Central
70.1%
Sectional 20Frankfort
69%
Sectional 26West Vigo
69%
Sectional 17Hammond Clark
67.8%
Sectional 19Mishawaka Marian
67.8%
Sectional 24Blackford
67.8%
Sectional 26Northview
67.8%
Hint Answer % Correct
Sectional 31Pike Central
67.8%
Sectional 31Southridge
67.8%
Sectional 21Wawasee
66.7%
Sectional 26Owen Valley
66.7%
Sectional 28Indianapolis Manual
66.7%
Sectional 18Wheeler
65.5%
Sectional 22Fort Wayne Concordia
65.5%
Sectional 32Mount Vernon (Posey)
64.4%
Sectional 24Yorktown
63.2%
Sectional 27Indianapolis Attucks
63.2%
Sectional 19Culver Academy
62.1%
Sectional 19John Glenn
62.1%
Sectional 22New Haven
62.1%
Sectional 23Marion
62.1%
Sectional 24Muncie Burris
62.1%
Sectional 31Sullivan
60.9%
Sectional 18Calumet
59.8%
Sectional 28Tri-West
59.8%
Sectional 18Hanover Central
58.6%
Sectional 18Knox
58.6%
Sectional 17Lighthouse CPA
54%
Sectional 21Lakeland
54%
Sectional 28Indian Creek
54%
Sectional 27Indianapolis Ritter
54%
Sectional 27Guerin Catholic
50.6%
Sectional 21Tippecanoe Valley
49.4%
Sectional 23Norwell
48.3%
Sectional 21Fairfield
42.5%
Sectional 21NorthWood
36.8%
Sectional 23Mississinewa
35.6%
Sectional 28Indianapolis Herron
35.6%
Sectional 23Bellmont
31%
Sectional 22Woodlan
19.5%

You're not logged in!

Compare scores with friends on all Sporcle quizzes.
Join for Free
OR
Log In

You Might Also Like...

Show Comments

Extras

Top Quizzes Today


Score Distribution

Your Account Isn't Verified!

In order to create a playlist on Sporcle, you need to verify the email address you used during registration. Go to your Sporcle Settings to finish the process.

Report this User

Report this user for behavior that violates our Community Guidelines.

Details: